00366pab a2200145 454500008004000000100001700040245005300057260000900110300001200119362001000131650001300141650002500154700002100179773002000200180718b2013 xxu||||| |||| 00| 0 eng d aBiswas, N.B. aResearch in post - modern education: An overview c2013 ap.3-11. a6 May aResearch aEducational research aBhagawati, Sikha aUniversity News